Kombuchové nápoje

Saved in:
Bibliographic Details
Main Author: Orechovská, Nikola (Author)
Other Authors: Kohajdová, Zlatica (Thesis advisor)
Format: Manuscript Book
Language:Slovak
Published: 2022
Subjects:
Online Access:http://is.stuba.sk/zp/portal_zp.pl?podrobnosti=151199
Tags: Add Tag
No Tags, Be the first to tag this record!

MARC

LEADER 00000ntm a22000003a 4500
001 stuzp88986
003 SK-STU
005 20220625211336.8
007 ta
008 150427s2015----xo-----f-mn---000-0-slo-d
040 |a STU  |b slo 
041 0 |a slo 
100 1 |a Orechovská, Nikola  |u 040250  |4 aut  |U FCHPT Ústav potravinárstva a výživy  |T FCHPT Oddelenie potravinárskej technológie  |X 98964  |U C0250  |Y 685  |7 98964 
242 0 1 |a Kombucha Beverages  |y eng 
245 1 0 |a Kombuchové nápoje 
260 |c 2022 
650 4 |a kombucha  |2 slo 
650 4 |a fermentácia  |2 slo 
650 4 |a SCOBY  |2 slo 
650 4 |a baktérie  |2 slo 
650 4 |a kvasinky  |2 slo 
650 4 |a bacteria  |2 eng 
650 4 |a yeasts  |2 eng 
650 4 |a fermentation  |2 eng 
650 4 |a SCOBY  |2 eng 
650 4 |a kombucha  |2 eng 
700 1 |a Kohajdová, Zlatica  |u 040250  |k Z1  |4 ths  |U FCHPT Ústav potravinárstva a výživy  |T FCHPT Oddelenie potravinárskej technológie  |X 3953  |U C0250  |Y 685  |7 A000003953 
856 4 |u http://is.stuba.sk/zp/portal_zp.pl?podrobnosti=151199